000 00507cam a2200193 a 4500
001 416688
005 20240227030956.0
008 800213s1979 stka 000 0beng
020 _a0904564274 :
040 _aDLC
_beng
_cDLC
_dDLC
082 0 0 _a323.334.
_222
_bEMM.
100 1 _aGoldman, Emma,
245 1 2 _aA woman without a country /
_cEmma Goldman.
260 _aSanday, Orkney
_bCienfuegos Press,
_c1979.
300 _a16 p. :
490 0 _aNew anarchist library;
650 0 _aAnarchists
942 _cL
999 _c498
_d498